Portugese speaking countries - Statistics

General Stats
  • This quiz has been taken 1,693 times
  • The average score is 6 of 8
Answer Stats
Answer % Correct
Portugal
99%
Brazil
98%
Angola
78%
Mozambique
68%
Sao Tome And Principe
62%
Cape Verde
61%
East Timor
52%
Guinea-Bissau
47%
No matching quizzes found
Score Distribution
Percent of People with Each Score
Percentile by Number Answered
Your Score History
You have not taken this quiz